Guess the EPIC: The Musical song #11 - Statistics

General Stats
  • This quiz has been taken 31 times
  • The average score is 312 of 444
Answer Stats
Answer % Correct
...
100%
I
96%
A
87%
a
87%
an
87%
and
87%
And
87%
Do
87%
do
87%
he
87%
(He
87%
is
87%
on
87%
the
87%
(The
87%
The
87%
we
87%
you
87%
You
87%
be
83%
for?
83%
for?)
83%
for
83%
go.)
83%
me
83%
no
83%
that
83%
that?
83%
to
83%
to...
83%
us
83%
us.
83%
what
83%
What
83%
(What
83%
where
83%
who
83%
Who...
83%
as
78%
don't
78%
Don't
78%
have
78%
know
78%
Know
78%
One
78%
one
78%
they
78%
This
78%
this
78%
this!
78%
will
78%
But
74%
Can
74%
can
74%
father,
74%
Fight
74%
fight
74%
grow
74%
If
74%
I'm
74%
kill
74%
killed
74%
live
74%
make
74%
Make
74%
my
74%
of
74%
say
74%
Say
74%
see
74%
slay.
74%
son.
74%
son
74%
them
74%
Think
74%
think
74%
we'll
74%
well
74%
again.
70%
at
70%
back.
70%
been.
70%
brothers,
70%
brothers
70%
by
70%
children.
70%
closely.
70%
could
70%
your
70%
families
70%
Hector.
70%
her.
70%
listen
70%
little
70%
more.
70%
now,
70%
now.
70%
ones
70%
Penelope...
70%
Penelope.
70%
(Penelope)
70%
slowly.
70%
Ten
70%
Tonight
70%
was
70%
wives
70%
wonder
70%
years
70%
(Yes,
70%
you'll
70%
your
70%
you're
70%
you've
70%
age.
65%
Ajax
65%
all
65%
any
65%
avenge
65%
boy.
65%
boy
65%
does
65%
end
65%
from
65%
Helen
65%
here.
65%
here
65%
It's
65%
Nestor,
65%
pay.
65%
protect
65%
ready.
65%
save.
65%
stay
65%
take
65%
Telemachus.
65%
They're
65%
try
65%
vision
65%
war,
65%
way.
65%
won't
65%
Alright,
61%
ask
61%
attack,
61%
Attack!
61%
avenger.
61%
blood
61%
Cannot
61%
cannot
61%
charge!
61%
city
61%
goodbye
61%
growing
61%
him
61%
just
61%
left
61%
none
61%
own
61%
own!
61%
prince
61%
run.
61%
sir!)
61%
sort
61%
still
61%
threat
61%
Trojans
61%
wish
61%
with
61%
yet
61%
yourself
61%
anyone
57%
avoid?
57%
before.
57%
come.
57%
consumed
57%
faced
57%
Find
57%
find
57%
foe
57%
how.
57%
infant.
57%
inner
57%
inside:
57%
large!
57%
lead
57%
mission
57%
old,
57%
other
57%
our
57%
pose
57%
pride.
57%
raise
57%
secure
57%
someone's
57%
Troy's
57%
Unlike
57%
very
57%
whole
57%
choose
52%
every
52%
gates
52%
gods
52%
gods.
52%
guards!
52%
hands
52%
his
52%
home!
52%
known!
52%
known,)
52%
let
52%
never
52%
only
52%
outrun.
52%
Please
52%
right
52%
than
52%
through
52%
whose.
52%
Agamemnon
48%
ambush
48%
away
48%
Neo,
48%
pain
48%
past
48%
rage,
48%
shoot
48%
something
48%
dealt
43%
Diomedes
43%
far
43%
flank
43%
I'd
43%
knees
43%
lose.
43%
Or
43%
strength
43%
sure
43%
Teucer
43%
use
43%
ya!
43%
ya!)
43%
bleed
39%
(He'll
39%
mates
39%
Show
39%
burn
35%
Oh,
35%
send
35%
wherever
35%
down
30%
house
30%
Menelaus
30%
throne,)
30%
rather
26%
Agh!
17%
filled
17%
(Bringing
13%
iminent
13%
No matching quizzes found
Score Distribution
Percent of People with Each Score
Percentile by Number Answered
Your Score History
You have not taken this quiz